000 01104cam a22002771 4500
999 _c130294
_d130294
001 6849704
003 ARRUPE
005 20200204122010.0
008 781020s1921 xx 000 0 eng
010 _a 21012784
035 _a(OCoLC)4308307
040 _aDLC
_cTxBeaL
_dDLC
050 0 0 _aDL820
_b.B27
100 1 _aBarton, D. Plunket
_q(Dunbar Plunket),
_cSir,
_d1853-1937.
_949348
245 1 0 _aBernadotte and Napoleon, 1763-1810,
_cby the Right Honble. Sir Dunbar Plunket Barton, baronet ...
260 _aLondon,
_bJ. Murray; [etc., etc.]
_c1921.
300 _axi, 343 p.
_bfront., ports., maps
_c22 1/2 cm.
500 _aOn cover: 1799-1810.
500 _aThe second of three volumes on Bernadotte (the first, 1763-1799, published 1914)
504 _aBibliographical foot-notes.
600 0 0 _aCharles
_bXIV John,
_cKing of Sweden and Norway,
_d1763-1844
_949349
600 0 0 _aNapoleon
_bI,
_cEmperor of the French,
_d1769-1821
_xRelations with Europeans.
_942193
651 0 _aEurope
_xHistory
_y1789-1815.
_934614
906 _a7
_bcbc
_coclcrpl
_du
_encip
_f19
_gy-gencatlg
942 _2lcc
_cMONOGRAPH